INTRODUCTION TO PROBABILITY AND STATISTI (Record no. 6799)
[ view plain ]
| 000 -LEADER | |
|---|---|
| fixed length control field | 00375nam a2200145Ia 4500 |
| 008 - FIXED-LENGTH DATA ELEMENTS--GENERAL INFORMATION | |
| fixed length control field | 240624s9999 xx 000 0 und d |
| 041 ## - LANGUAGE CODE | |
| Language code of text/sound track or separate title | eng |
| 082 ## - DEWEY DECIMAL CLASSIFICATION NUMBER | |
| Classification number | 519.2 ROH |
| 100 ## - MAIN ENTRY--PERSONAL NAME | |
| Personal name | ROHATGI VIJAY K |
| 245 ## - TITLE STATEMENT | |
| Title | INTRODUCTION TO PROBABILITY AND STATISTI |
| 250 ## - EDITION STATEMENT | |
| Edition statement | (2nd ed.) |
| 260 ## - PUBLICATION, DISTRIBUTION, ETC. | |
| Date of publication, distribution, etc. | 2007 |
| Place of publication, distribution, etc. | New Delhi |
| Name of publisher, distributor, etc. | Wiley India |
| 300 ## - PHYSICAL DESCRIPTION | |
| Extent | xv, , 716 , 25 , p. , cm. |
| 365 ## - TRADE PRICE | |
| Currency code | |
| Price amount | 30 |
| Withdrawn status | Lost status | Damaged status | Not for loan | Home library | Current library | Shelving location | Date acquired | Source of acquisition | Cost, normal purchase price | Full call number | Barcode | Date last seen | Copy number | Price effective from | Koha item type |
|---|---|---|---|---|---|---|---|---|---|---|---|---|---|---|---|
| Store Books | IMTN | IMTN | Rack 17-A | 10/18/2007 | AP | 8.50 | 519.2 ROH | 6799 | 06/24/2024 | 39.34 | 06/24/2024 | Books |